000 00330nam a2200145 a 4500
008 190524s1969|||| d
100 1 _aŠamanek Soukup
245 1 0 _aStavební výkresy pozemních staveb
260 _bSNTL
_aPraha
_c1969
958 _aAUL
250 _a1.vydanie
020 _c0
041 _acze
044 _aCZ
999 _c20750
_d20750